Radicals, rhetoric, and the war (Record no. 202938)
[ view plain ]
| 000 -LEADER | |
|---|---|
| fixed length control field | 01529nam a2200373Ia 4500 |
| 082 04 - DEWEY DECIMAL CLASSIFICATION NUMBER | |
| Classification number | 378.793/55 |
| 100 1# - MAIN ENTRY--AUTHOR NAME | |
| Personal name | Lucas, Brad. |
| 245 10 - TITLE STATEMENT | |
| Title | Radicals, rhetoric, and the war |
| 260 ## - PUBLICATION, DISTRIBUTION, ETC. (IMPRINT) | |
| Place of publication | New York : |
| Name of publisher | Palgrave Macmillan, |
| Year of publication | 2006. |
| 300 ## - PHYSICAL DESCRIPTION | |
| Number of Pages | xii, 207 p. |
| 490 1# - SERIES STATEMENT | |
| Series statement | Palgrave studies in oral history |
| 650 #0 - SUBJECT ADDED ENTRY--TOPICAL TERM | |
| Topical Term | College students |
| Topical Term | Vietnam War, 1961-1975 |
| Topical Term | Kent State Shootings, Kent, Ohio, 1970. |
| 856 40 - ELECTRONIC LOCATION AND ACCESS | |
| Uniform Resource Identifier | http://site.ebrary.com/lib/rucke/Doc?id=10150442 |
No items available.
